Responses for show #4751 - Monday, April 11, 2005

2005 Ultimate Tournament of Champions Round 1, game 44.

Contestants

[<< previous game]

David Venderbush, a lawyer from New York, New York

Scott Gillispie, a project manager and expectant father from Atlanta, Georgia

Steven Popper, an economist from Topanga, California

[next game >>]

Jeopardy! Round responses

ASSASSINS
THE REEL STORY
SIGNS & SYMBOLS
GOVERNMENT
VISUALIZE
WORLD "P"s
(Alex: Not WORLD PEACE. "P" in quotation marks.)
    $200 5
Pope John Paul II

David
    $200 6
Titanic

David
    $200 1
Alaska

Steven
    $200 7
minority government (a coalition accepted)

Scott
    $200 30
a black widow

Steven
    $200 22
Passover

David
    $400 16
Thomas à Becket

Scott
    $400 9
Constantine

Scott
    $400 2
2004

Steven
    $400 12
(Alex: President of the United States, correct!)

Jimmy Carter

Steven
    $400 11
the Chicago Seven

Steven
    $400 23
peninsula

David
    $600 19
Medgar Evers

David
    $600 10
Whitney Houston

David
    $600 3
Travelodge

Steven
    $600 13
China

Scott
    $600 27
a cheetah

David
    $600 24
(Alex: Lucky P, they called him.)

Pinochet

Scott
    $800 20
Rabin

Steven
    $800 17
Tom Hulce

Scott
    $800 4
(Steven: What are Aries, Capricorn & Sagittarius?)

Aries, Capricorn & Taurus

StevenScott
    $800 14
the Senate

David
    $800 28
Mountbatten

Steven
    $800 25
Peru

David
    $1,000 21
(Alex: Killed him south of the border.)

Trotsky

Steven
    $1000 18
(Alex: Yeah, I didn't think it was creepy. I thought it was kinda neat.)

The Sixth Sense

Scott
    $1000 8
(Steven: What is radium?)
...
(Alex: [*], yes, in the same order.)

argon

StevenScott
    $1000 15
(David: What is Haiti?)
(Steven: What is the Republic of the Congo?)
(Scott: What is the Dominican Republic?)

the Central African Republic

StevenScottDavid
Triple Stumper
    $1000 29
(Steven: What is a darning needle?)

a sailmaker's needle

Steven
Triple Stumper
    $1000 26
a Potemkin village

David

Scores at the first commercial break (after clue 15):

Steven Scott David
-$800 $2,000 $800

Scores at the end of the Jeopardy! Round:

Steven Scott David
$1,000 $4,800 $4,400

Double Jeopardy! Round responses

EUROPE
MUSICALS OF THE '20s
(Alex: The 1920s.)
NOVELS OF THE PAST
TRANSPLANTS
(Alex: Featuring transplant pioneer Dr. Thomas Starzl.)
CITY OF BIRTH
CROSSWORD CLUES "K"
    $400 1
Windsor

David
    $400 15
the Marx Brothers

Steven
    $400 2
Troy

Steven
    $400 12
the liver

Steven
    $400 7
Baghdad

David
    $400 26
Kodiak

Steven
    $800 3
Andorra

Scott
    $800 16
Bye Bye

Scott
    $800 13
(Christopher) Columbus

Scott
    $800 22
a lung

Steven
    $800 8
(Scott: What is Warsaw?)
(Steven: What is Prague?)
...
(Alex: He is Andy Warhol's nephew, and Andy Warhol is from [*]... as is his nephew.)

Pittsburgh

StevenScott
Triple Stumper
    $800 27
Killy

David
    $1200 4
the Grand Duke

Scott
    $1200 17
W.C. Fields

Scott
    $1200 14
Newton

David
    $1200 23
an identical twin

Scott
    $4,000 9
(Alex: Good guess! That's not something that everyone would know, but you figured it out. Way to go.)

Berlin

David
    $500 29
(David: ...Kik.)

koi

David
    $1600 5
gendarmes

David
    $1600 18
Cole Porter

Steven
    $1600 20
Saladin

Scott
    $1600 24
(Dr. Christiaan) Barnard

David
    $1600 10
Geneva

David
    $1600 28
kohlrabi

Triple Stumper
    $2000 6
Yugoslavia

David
    $2000 19
Al Jolson

Steven
    $2000 21
(Scott: Who is Bubol?)

Bulba

StevenScott
    $2000 25
(David: What is a chimpanzee?)

a baboon

StevenDavid
    $2000 11
New Orleans

Scott
    $2000 30
a kiva

Steven

Scores at the end of the Double Jeopardy! Round:

Steven Scott David
$12,200 $11,600 $15,500

[wagering suggestions for these scores]

Final Jeopardy! Round responses

ARLINGTON'S TOMB OF UNKNOWNS
(Alex: And the symbolism relating to the [*]-gun salute--they do [*] steps.)
[ZergCam]
ScottWhat is 13?
$4,500
StevenWhat is 50?
$11,901
DavidWhat is 10
$9,000
21

Final scores:

Steven Scott David
$299 $7,100 $6,500
3rd place: $5,000 Winner: $15,000 + an advance to UToC Round 2 2nd place: $5,000

Game dynamics:

Coryat scores:

Steven Scott David
$12,200 $11,600 $13,200
19 R
(including 1 DD),
5 W
17 R,
3 W
19 R
(including 1 DD),
3 W
(including 1 DD)

Combined Coryat: $37,000

The J! Archive is created by fans, for fans. The Jeopardy! game show and all elements thereof, including but not limited to copyright and trademark thereto, are the property of Jeopardy Productions, Inc. and are protected under law. This website is not affiliated with, sponsored by, or operated by Jeopardy Productions, Inc. Join the discussion at JBoard.tv.